Gemalte Logos erraten - Statistiken

Allgemein
  • Dieses Quiz wurde 48 mal gespielt
  • Das Durchschnittsergebnis liegt bei 7 aus 10
Antwortstatistiken
Bildquiz Antwort % Korrekt
Apple
100%
VW
100%
Nike
97%
Starbucks
92%
YouTube
92%
TikTok
83%
Jetpunk
75%
ChatGPT
47%
Wallmart
36%
chess.com
25%
Keine übereinstimmenden Quizze gefunden
Verteilung der Resultate
Anzahl Personen mit jedem Resultat
Perzentil nach korrekt beantworteten Fragen
Ihre Resultats-Entwicklung
Sie haben dieses Quiz noch nicht gespielt